00376nam a2200133Ia 4500008004100000041000800041082001600049100001800065245007500083260004300158300001500201365000700216650001900223210719s1978 xx 000 0 und d aeng a954.83 KURK aKURUP (K K N) aKayyur riot a terrorist episode in the nationalist movement in kerala. aCalicut.bSandhya Publications.,c1978 axv,122bHB cRs aIndian History